Hoá học = Journal of Chemistry /

में बचाया:
ग्रंथसूची विवरण
निगमित लेखक: Trung tâm Khoa học Tự nhiên và Công nghệ Quốc gia
स्वरूप: पत्रिका
भाषा:Vietnamese
प्रकाशित: H. : Viện khoa học và công nghệ Việt Nam,
विषय:
टैग : टैग जोड़ें
कोई टैग नहीं, इस रिकॉर्ड को टैग करने वाले पहले व्यक्ति बनें!
Thư viện lưu trữ: Thư viện Trường Đại học Đà Lạt
LEADER 00736nam a2200265 4500
001 DLU030024191
040 # # |a DLU  |b vie 
041 # # |a vie 
245 # # |a Hoá học =  |b Journal of Chemistry /  |c Viện khoa học và công nghệ Việt Nam 
246 # # |a Journal of Chemistry 
260 # # |a H. :  |b Viện khoa học và công nghệ Việt Nam, 
300 # # |a v. ;  |c 27 cm 
653 # # |a Hoá ứng dụng 
653 # # |a Hoá học 
653 # # |a Hoá Kỹ thuật 
710 # # |a Trung tâm Khoa học Tự nhiên và Công nghệ Quốc gia 
992 # # |a 0 
994 # # |a DLU 
900 # # |a True 
911 # # |a Nguyễn Thị Hồng Lê 
925 # # |a G 
926 # # |a A 
927 # # |a TT 
980 # # |a Thư viện Trường Đại học Đà Lạt